000 00634nam a2200217Ia 4500
008 131103s9999 xx 000 0 und d
020 _a8126509201
_cRs.519.00
040 _aLoreto College
041 _aEnglish
082 _a005.13(C)/HOR
_bLCLIB/47733
100 _aHorstmann,Cay
245 _aBig C++
_cCay Horstmann and Timothy A.Budd
260 _aNew Jersey
_bJohn Wiley
_c2006
300 _axxix,1186p
_c 24cm
504 _aIncludes appendices, glossary and index
650 _aProgramming languages
651 _aC++ Programming language
700 _aBudd,Timothy A.
850 _aLCLIB/005/13(C)/HOR
942 _cBK
999 _c36199
_d86678